000 00930cam a2200217 a 4500
001 19478910
005 20241023133026.0
008 161024s2017 enk b 001 0 eng
020 _a9780414070059
_qPaperback
050 0 0 _aKD691
_b.C7 2018
100 1 _aGreenberg, Daniel
245 1 0 _aCraies on legislation :
_bsecond supplement to the eleventh edition /
_ceditor, Daniel Greenberg.
250 _aEleventh edition.
260 _aLondon :
_bSweet & Maxwell,
_c2017.
300 _axxv, 134 pages ;
_c23 cm
500 _a[Craies on Legislation was written by; Craies W.F.; Edited by; Greenberg, Daniel] The second supplement to the Eleventh Edition of Craies on Legislation is ordered according to the structure of the main volume. Previous edition: 2012.
650 0 _aStatutes
_zGreat Britain.
650 0 _aLaw
_zGreat Britain
_xInterpretation and construction.
700 1 _aGreenberg, Daniel,
_eeditor.
942 _2lcc
_cBK
_n0
999 _c139
_d139